| 000 | 00581nam a2200157 a 4500 | ||
|---|---|---|---|
| 001 | 000029029 | ||
| 005 | 20200930055303.0 | ||
| 008 | 110413s1926 dr 000 0 spa d | ||
| 040 |
_aDO-SdBNP _bspa _cBNPHU |
||
| 082 |
_axxx _bR426t |
||
| 110 | 1 |
_aRepública Dominicana _bSecretaría de Estado del Relaciones Exteriores _955947 |
|
| 245 | 1 | 0 | _aTratados, convenciones y acuerdos vigentes en la República Dominicana el 1ero de julio de 1945. |
| 260 |
_aCiudad Trujillo, República Dominicana : _bEditorial Luis Sánchez Andujar, _c1926. |
||
| 300 |
_a46 p. ; _c24 cm. |
||
| 049 | _aBNPD | ||
| 999 |
_c28521 _d28521 |
||